Lactología industrial: leche, preparación y elaboración, máquinas, instalaciones y aparatos, productos lácteos
Sparad:
| Huvudupphovsman: | |
|---|---|
| Materialtyp: | Bok |
| Språk: | spanska |
| Publicerad: |
Zaragoza
Acribia
1975
|
| Ämnen: | |
| Taggar: |
Lägg till en tagg
Inga taggar, Lägg till första taggen!
|
MARC
| LEADER | 00000nam a2200000 a 4500 | ||
|---|---|---|---|
| 001 | UCP2004 | ||
| 003 | CL-VaPUC | ||
| 008 | 990430e19750000SP |||||||||||||||||spa|d | ||
| 082 | 0 | 4 | |a 637.1 |b SPR |2 21 |
| 100 | 0 | |a Spreer, Edgar |e author |9 428394 | |
| 245 | 1 | 0 | |a Lactología industrial: leche, preparación y elaboración, máquinas, instalaciones y aparatos, productos lácteos |
| 300 | |a 461 p | ||
| 942 | |c BK | ||
| 945 | |d 19990430 00:00:00 |a cmena | ||
| 260 | |a Zaragoza |b Acribia |c 1975 | ||
| 650 | 7 | |a INDUSTRIA LECHERA |2 CL-VaPUC |9 259749 | |
| 650 | 0 | |a Productos lácteos |9 259521 | |
| 650 | 0 | |a Leche |9 259848 | |
| 650 | 7 | |a COMPOSICION QUIMICA |2 CL-VaPUC |9 403020 | |
| 650 | 7 | |a QUESOS |2 CL-VaPUC |9 428395 | |
| 650 | 7 | |a MANTEQUILLA |2 CL-VaPUC |9 364812 | |
| 583 | |a last modification |c 19990430 00:00:00 |k Rodrigo Vera | ||
| 999 | |c 280617 |d 280615 | ||
| 952 | |0 0 |1 0 |4 0 |6 637_100000000000000_SPR_1975 |7 0 |8 A |9 321016 |a BIBALI |b BIBALI |c GEN |d 2019-11-20 |i 1342762 |o 637.1 SPR 1975 |p 1342762 |r 2025-01-20 |w 2019-11-20 |y BK |k ALI | ||